Culture Générale - Série 2159 - Statistiques

Statistiques générales
  • Ce quiz a été pris 117 fois
  • Le résultat moyen est 5 sur 10
Statistiques - réponses
Question Réponse % Correct
Complétez l'expression : "L'argent est le nerf de la .... guerre
97%
Avec quel insecte associe-t-on un travail long et demandant beaucoup de patience? fourmi
86%
Quel petit acarien doit son nom à un mois d'été de notre calendrier ? voir photo aoûtat
69%
Quel verbe signifie "couper court ou voler bas" ? raser
66%
Quelle île était appelée autrefois "Bourbon" ? Réunion
58%
Qui a écrit "Le mystère de la chambre jaune" en 1907 ? prénom et nom Gaston Leroux
38%
Ce mot désigne une "soupape qui laisse passer un fluide dans un seul sens", ou dans le langage populaire "la bouche" clapet
22%
Que signifie le mot "fieu" utilisé en Picardie et région du Nord de la France ? fils
17%
Quel est le prénom du jeune reporter Rouletabille du roman ci-dessus ? Joseph
11%
Instrument de musique à percussion comportant des objets (coquilles, rondelles) qui s'entrechoquent quand on le secoue - 6 lettres commençant par " s " sistre
1%
Aucun quiz correspondant
Distribution des résultats
% des personnes avec chaque résultat
Percentile par nombre de réponses
Votre historique - résultats
Vous n’avez pas pris ce quiz